| 000 | 00641nam a2200205Ia 4500 | ||
|---|---|---|---|
| 008 | 140925s9999 xx 000 0 und d | ||
| 020 | _a1099-050X | ||
| 100 | _aHayton, James C. | ||
| 245 |
_aHuman resource management / _cJames C. Hayton. _h[electronic resource] |
||
| 260 |
_bJohn Wiley & Sons, Inc., _cc2014. |
||
| 516 | _aElectronic text | ||
| 650 | _aEmployee. | ||
| 650 | _aHuman Resource Management. | ||
| 650 | _aJournal. | ||
| 650 | _aManagement. | ||
| 830 | _aJohn Wiley & Sons, Inc. | ||
| 856 | _uhttp://onlinelibrary.wiley.com/journal/10.1002/%28ISSN%291099-050X | ||
| 942 | _cEJ | ||
| 999 |
_c275800 _d275800 |
||